000 00957pam a2200289 a 4500
001 1652734
003 USPCAS-E
005 20180118181421.0
008 970501s1998 njua b 001 0 eng
010 _a 97017164
020 _a0136602185
040 _aDLC
_cDLC
_dDLC
050 0 0 _aTJ260
_b.B87 1998
082 0 0 _a621.402
_221
_bBUR-E 1998
100 1 _aBurmeister, Louis C.
245 1 0 _aElements of thermal-fluid system design /
_cLouis C. Burmeister.
260 _aUpper Saddle River, N.J. :
_bPrentice Hall,
_cc1998.
300 _axxiii, 593 p. :
_bill. ;
_c25 cm.
502 _a.
504 _aIncludes bibliographical references and indexes.
650 0 _aHeat engineering.
650 0 _aFluid dynamics.
650 0 _aEngineering design.
906 _a7
_bcbc
_corignew
_d1
_eocip
_f19
_gy-gencatlg
942 _2ddc
_cBK
999 _c356041
_d356041